000 00262nam a22001217a 4500
008 171127b xxu||||| |||| 00| 0 eng d
041 _aeng
080 _25 ED
_a54
100 _a10
101 _aKIM
245 _aPSYSICAL CHEMISTRY
_cPETER.A
942 _2udc
_cBK
999 _c38561
_d38561